[Event "Tourn. n7722"]
[Site "www.chess-mail.com"]
[Date "2015.01.11"]
[Round "1"]
[White "Castletyme"]
[Black "Apoorva"]
[WhiteElo "1890"]
[BlackElo "2040"]
[Result "0-1"]
[Round "1"]
1.e4 c6
2.Bf1c4 e6
3.Nb1c3 d5
4.exd5 cxd5
5.Bc4b5 Bc8d7
6.Bb5xd7 Nb8xd7
7.Ng1f3 Ng8f6
8.O-O Bf8e7
9.d3 O-O
10.Bc1g5 a6
11.Bg5xf6 Be7xf6
12.Ra1b1 b5
13.Nc3e2 Ra8c8
14.Ne2g3 g6
15.c3 h5
16.Ng3e2 Qd8a5
17.a3 Bf6g7
18.Ne2g3 Nd7e5
19.Nf3xe5 Bg7xe5
20.d4 Be5g7
21.Ng3xh5 gxh5
22.Qd1xh5 Qa5d8
23.f4 Qd8f6
24.f5 Qf6h6
25.Qh5f3 exf5
26.Qf3xd5 Qh6e3
27.Kh1 f4
28.Rf1f3 Qe3d2
29.Qd5b7 Rf8e8
30.Rf3f1 Rc8d8
31.Qb7xa6 Re8e2
32.Qa6b6 Rd8e8
33.Qb6xb5 Re8e6
34.d5 Re6g6
35.Qb5b8 Kh7
36.Qb8c8 Re2xg2
37.Qc8h3 Kg8
38.Qh3c8 Bg7f8
{ resign }
0-1

[Event "Tourn. n7942"]
[Site "www.chess-mail.com"]
[Date "2015.01.11"]
[Round "1"]
[White "Liencam2"]
[Black "Cardiff"]
[WhiteElo "2260"]
[BlackElo "2070"]
[Result "1-0"]
[Round "1"]
1.e4 d6
2.d4 Ng8f6
3.Nb1c3 g6
4.Bc1g5 Bf8g7
5.Qd1d2 h6
6.Bg5h4 c6
7.f4 Qd8a5
8.Ng1f3 a6
9.Bf1d3 b5
10.O-O Bc8b7
11.e5 dxe5
12.fxe5 Nf6h7
13.Qd2f4 g5
14.Nf3xg5 Nh7xg5
15.Bh4xg5 O-O
16.Bg5xh6 Qa5c7
17.Qf4g5 { resign }
1-0

[Event "Tourn. n7953"]
[Site "www.chess-mail.com"]
[Date "2015.01.11"]
[Round "1"]
[White "Faerieking"]
[Black "Asibicho"]
[WhiteElo "1789"]
[BlackElo "1900"]
[Result "1-0"]
[Round "1"]
1.e4 e5
2.Ng1f3 Nb8c6
3.d4 exd4
4.Nf3xd4 Bf8c5
5.Bc1e3 Nc6xd4
6.Be3xd4 Bc5xd4
7.Qd1xd4 Qd8f6
8.e5 Qf6g5
9.f4 Qg5h4
10.g3 Qh4e7
11.Nb1c3 d6
12.Nc3d5 Qe7d8
13.exd6 Qd8xd6
14.O-O-O Bc8e6
15.Bf1g2 O-O-O
16.Qd4xa7 Be6xd5
17.Rd1xd5 Qd6a6
18.Rd5xd8 Kxd8
19.Qa7b8 { resign }
1-0

[Event "Tourn. n7989"]
[Site "www.chess-mail.com"]
[Date "2015.01.11"]
[Round "1"]
[White "Luban"]
[Black "Bojan"]
[WhiteElo "2120"]
[BlackElo "2000"]
[Result "1-0"]
[Round "1"]
1.d4 g6
2.c4 Bf8g7
3.e3 c6
4.Ng1f3 d5
5.h3 Bc8e6
6.cxd5 Be6xd5
7.Bf1e2 Qd8d6
8.O-O Nb8d7
9.Bc1d2 Ng8f6
10.Nb1c3 Bd5e6
11.e4 Qd6c7
12.Ra1c1 Nd7b6
13.b3 Ra8d8
14.Rf1e1 Nf6h5
15.Bd2e3 Nh5f4
16.Nc3b5 Nf4xe2
17.Re1xe2 Qc7b8
18.Nb5c3 c5
19.d5 c4
20.Be3xb6 axb6
21.bxc4 Be6d7
22.Qd1b3 Qb8c7
23.Nc3a4 b5
24.Na4b2 bxc4
25.Rc1xc4 Qc7b8
26.Rc4b4 b5
27.a4 Qb8c7
28.axb5 Qc7c3
29.b6 O-O
30.b7 Rd8b8
31.e5 Qc3xb3
32.Rb4xb3 Rf8d8
33.Nb2c4 Bd7a4
34.Rb3b4 Ba4d1
35.Re2d2 Bd1xf3
36.gxf3 Rd8d7
37.Nc4a5 Bg7xe5
38.Na5c6 Be5d6
39.Nc6xb8 Bd6xb8
40.Rd2c2 { resign }
1-0

[Event "Tourn. n7929"]
[Site "www.chess-mail.com"]
[Date "2015.01.11"]
[Round "1"]
[White "Neverless"]
[Black "Woodpusher2"]
[WhiteElo "2650"]
[BlackElo "2500"]
[Result "1-0"]
[Round "1"]
1.e4 e6
2.d4 d5
3.Nb1c3 Bf8b4
4.e5 c5
5.a3 Bb4xc3
6.bxc3 Ng8e7
7.Qd1g4 O-O
8.Bf1d3 Nb8c6
9.Qg4h5 Ne7g6
10.Ng1f3 Qd8c7
11.Bc1e3 c4
12.Bd3xg6 fxg6
13.Qh5g4 Qc7f7
14.Nf3g5 Qf7e8
15.h4 Bc8d7
16.Ng5h3 Rf8f5
17.Nh3f4 Qe8e7
18.h5 g5
19.Nf4h3 h6
20.f4 gxf4
21.Nh3xf4 Qe7g5
22.Qg4xg5 Rf5xg5
23.Rh1g1 Rg5f5
24.g4 Rf5f7
25.Ke2 Nc6e7
26.g5 hxg5
27.Rg1xg5 Kh7
28.Ra1g1 Kh8
29.Rg5g2 Ne7f5
30.h6 Ra8g8
31.Nf4g6 Kh7
32.hxg7 { resign }
1-0

[Event "Match"]
[Site "www.echecsemail.com"]
[Date "2015.01.11"]
[Round "1"]
[White "Rindrandria"]
[Black "Ranjachess"]
[WhiteElo "1510"]
[BlackElo "1490"]
[Result "0-1"]
[Round "1"]
1.c3 d6
2.Nb1a3 Bc8d7
3.Qd1b3 Bd7c6
4.Ng1h3 e5
5.d3 Bf8e7
6.e4 Ng8f6
7.d4 d5
8.dxe5 Nf6xe4
9.f3 Ne4g5
10.Bc1xg5 Be7xg5
11.f4 Bg5e7
12.O-O-O Qd8d7
13.Bf1c4 Bc6a4
14.Bc4b5 Ba4xb3
15.Bb5xd7 Nb8xd7
16.axb3 Nd7b6
17.Na3b5 Be7d8
18.f5 a6
19.Nb5d4 h6
20.e6 c5
21.exf7 Kxf7
22.Nd4e6 c4
23.bxc4 Nb6xc4
24.Rd1xd5 Bd8g5
25.Kb1 Kf6
26.Rd5d7 Kxf5
27.Ne6xg7 Kg6
28.Rd7xb7 Rh8b8
29.Rb7xb8 Ra8xb8
30.b4 Kxg7
31.g4 a5
32.Nh3xg5 hxg5
33.Rh1c1 axb4
34.cxb4 Rb8xb4
35.Kc2 Nc4e3
36.Kc3 Rb4c4
37.Kd2 Rc4xc1
38.Kxc1 Ne3xg4
39.h3 Ng4f2
40.Kd2 Nf2xh3
41.Ke1 Kh6
42.Kf1 Kh5
{ resign }
0-1

[Event "Match"]
[Site "www.echecsemail.com"]
[Date "2015.01.11"]
[Round "1"]
[White "Nestor"]
[Black "Spartacus42"]
[WhiteElo "2050"]
[BlackElo "1809"]
[Result "0-1"]
[Round "1"]
1.e4 c6
2.d4 d5
3.exd5 cxd5
4.Nb1c3 Nb8c6
5.Ng1f3 Bc8g4
6.Bf1e2 e6
7.O-O Ng8f6
8.Bc1f4 Bf8d6
9.Bf4xd6 Qd8xd6
10.Nc3b5 Qd6e7
11.c4 a6
12.Nb5c3 dxc4
13.Be2xc4 Bg4xf3
14.Qd1xf3 Nc6xd4
15.Qf3f4 e5
16.Qf4g5 O-O
17.Ra1e1 Ra8e8
18.Bc4d3 h6
19.Qg5g3 Qe7c5
20.Nc3e4 Nf6xe4
21.Bd3xe4 f5
22.Be4xb7 Qc5b5
23.Bb7f3 Rf8f6
24.Bf3d1 Qb5xb2
25.Bd1b3 Nd4xb3
26.axb3 e4
27.Re1b1 Qb2e5
28.Qg3e3 f4
29.Qe3d2 e3
30.fxe3 fxe3
31.Qd2e2 Rf6d6
32.Rb1d1 Rd6b6
33.Rd1d3 Qe5e6
34.Rf1b1 a5
35.Rb1a1 Rb6xb3
{ resign }
0-1

[Event "Match"]
[Site "www.echecsemail.com"]
[Date "2015.01.11"]
[Round "1"]
[White "Jpmartinez"]
[Black "Jose"]
[WhiteElo "2600"]
[BlackElo "2559"]
[Result "1/2-1/2"]
[Round "1"]
1.d4 d5
2.c4 dxc4
3.Ng1f3 e6
4.Qd1a4 Nb8d7
5.e4 c5
6.Bf1xc4 cxd4
7.O-O Bf8c5
8.b4 Bc5d6
9.Nb1a3 e5
10.Bc4b3 Ng8f6
11.Na3c4 Qd8e7
12.Bc1f4 O-O
13.Nf3xd4 Nf6xe4
14.Nd4f5 Qe7f6
15.Nc4xd6 Ne4xd6
16.Nf5xd6 exf4
17.Nd6xf7 Rf8xf7
18.Ra1c1 Kh8
19.Bb3xf7 Qf6xf7
20.Rc1c7 Qf7f8
21.Rf1e1 Nd7f6
22.Rc7e7 Bc8f5
23.Qa4b5 Bf5g6
24.Re7xb7 Bg6e4
25.Rb7c7 f3
26.g3 h6
27.h3 Qf8d6
28.Qb5c4 Be4f5
29.Rc7c6 Qd6d2
30.Qc4c3 Qd2xc3
31.Rc6xc3 Bf5xh3
32.Rc3xf3 Ra8b8
33.a3 Rb8d8
34.Rf3e3 Rd8d6
35.Re3e7 a6
36.Re7a7 Bh3d7
37.f3 Kh7
38.Re1e7 h5
39.a4 Bd7xa4
40.Re7xg7 Kh6
41.Rg7e7 Ba4b5
42.Kf2 Rd6d2
43.Kg1 Rd2d1
44.Kf2 Kg5
45.Re7e6 Rd1d2
46.Ke1 Rd2d3
47.Kf2 Bb5c4
48.Re6c6 Bc4b5
{ draw }
1/2-1/2

[Event "Match"]
[Site "www.echecsemail.com"]
[Date "2015.01.11"]
[Round "1"]
[White "Carloswhizz"]
[Black "Harrytheking"]
[WhiteElo "1750"]
[BlackElo "1760"]
[Result "1-0"]
[Round "1"]
1.e4 b6
2.Nb1c3 Bc8a6
3.Bf1xa6 Nb8xa6
4.Ng1f3 d6
5.O-O e6
6.d3 h6
7.Bc1d2 Ng8e7
8.Rf1e1 Ne7g6
9.a3 Bf8e7
10.Nc3b5 c6
11.Nb5c3 O-O
12.h3 Na6c7
13.Qd1c1 Be7f6
14.d4 a5
15.Bd2xh6 gxh6
16.Qc1xh6 Bf6g7
17.Qh6h5 Ng6f4
18.Qh5g4 Nf4g6
19.Qg4h5 Ng6f4
20.Qh5g4 e5
21.dxe5 dxe5
22.Nf3xe5 Nf4g6
23.Ne5xg6 fxg6
24.Qg4xg6 Rf8f6
25.Qg6g4 Nc7e6
26.e5 Rf6h6
27.Nc3e4 Ne6d4
28.Ra1d1 c5
29.c3 Rh6h4
30.Qg4g6 Rh4h6
31.Ne4f6 Kh8
32.Qg6f7 Bg7xf6
33.exf6 Rh6xf6
34.Qf7h5 Kg7
35.cxd4 cxd4
36.Re1e4 Rf6g6
37.Rd1xd4 Qd8g5
38.Rd4d7 Kf6
39.Qh5f3 { resign }
1-0

[Event "Match"]
[Site "www.echecsemail.com"]
[Date "2015.01.11"]
[Round "1"]
[White "Libiesse"]
[Black "Apdash"]
[WhiteElo "2050"]
[BlackElo "2140"]
[Result "0-1"]
[Round "1"]
1.d4 d5
2.c4 e6
3.Ng1f3 Ng8f6
4.Nb1c3 c5
5.cxd5 Nf6xd5
6.e3 cxd4
7.Nc3xd5 Qd8xd5
8.Qd1xd4 Qd5xd4
9.Nf3xd4 a6
10.Bc1d2 Bc8d7
11.Bf1d3 Bf8c5
12.Nd4b3 Bc5d6
13.Ke2 Nb8c6
14.Ra1c1 Ke7
15.Nb3c5 Ra8b8
16.Nc5xd7 Kxd7
17.Rc1c2 Rh8c8
18.Rh1c1 h6
19.h3 Nc6e5
20.Rc2xc8 Rb8xc8
21.Bd3e4 Rc8xc1
22.Bd2xc1 b6
23.f4 Ne5c6
24.Bc1d2 Nc6d8
25.g4 g6
26.Kd3 f5
27.gxf5 exf5
28.Be4f3 Nd8e6
29.Bf3b7 Ne6c5
{ resign }
0-1

[Event "Match"]
[Site "www.echecsemail.com"]
[Date "2015.01.11"]
[Round "1"]
[White "Darknight"]
[Black "Anthony61"]
[WhiteElo "1820"]
[BlackElo "1679"]
[Result "1-0"]
[Round "1"]
1.e4 e6
2.Bf1c4 d5
3.exd5 exd5
4.Bc4b3 Ng8f6
5.h3 Bf8e7
6.d3 O-O
7.h4 Rf8e8
8.Ng1e2 Bc8d7
9.f3 c5
10.a3 Nb8c6
11.g4 Nf6xg4
{ time. }
1-0

[Event "Match"]
[Site "www.echecsemail.com"]
[Date "2015.01.11"]
[Round "1"]
[White "Chapi"]
[Black "Ztornad"]
[WhiteElo "1990"]
[BlackElo "1630"]
[Result "1/2-1/2"]
[Round "1"]
1.d4 Nb8a6
2.e4 d5
3.Nb1c3 dxe4
4.Nc3xe4 Bc8f5
5.Bf1d3 Qd8d5
6.Ne4c3 Qd5xg2
7.Bd3xf5 Qg2xh1
8.Qd1g4 e6
9.Bf5e4 f5
10.Be4xh1 fxg4
11.Bh1xb7 Na6b4
12.Bb7xa8 Nb4xc2
13.Kd1 Nc2xa1
14.b3 Bf8b4
15.Bc1b2 Na1xb3
16.axb3 Ng8e7
17.Nc3b5 O-O
18.Nb5xc7 Rf8xf2
19.Ng1e2 Rf2xh2
20.Nc7xe6 h5
21.d5 Ne7f5
22.Bb2e5 Nf5e3
23.Kc1 Rh2xe2
24.Ne6xg7 Re2e1
25.Kb2 Re1e2
26.Kb1 Ne3c2
27.Ng7xh5 Nc2a3
28.Ka1 Re2xe5
29.Nh5f6 Kf8
30.Nf6d7 Ke7
31.Nd7xe5 g3
32.d6 Bb4xd6
33.Ne5c6 Kf6
34.Nc6xa7 Na3c2
35.Kb2 Nc2d4
36.Kc3 Bd6e5
37.Kc4 Nd4e6
38.b4 Ne6f4
39.b5 g2
40.Ba8xg2 Nf4xg2
41.b6 Ng2e3
42.Kc5 Ne3f5
43.Na7c6 Be5h2
44.b7 Bh2g1
45.Kd5 Bg1h2
46.Nc6a7 Nf5e7
47.Kc5 Bh2g1
48.Kd6 Bg1xa7
49.Kc7 Ne7d5
50.Kc8 Nd5b6
{ draw }
1/2-1/2

[Event "Match"]
[Site "www.echecsemail.com"]
[Date "2015.01.11"]
[Round "1"]
[White "Joseph1983"]
[Black "Goofy"]
[WhiteElo "2190"]
[BlackElo "2230"]
[Result "0-1"]
[Round "1"]
1.e4 c5
2.Ng1f3 d6
3.d4 cxd4
4.Nf3xd4 Ng8f6
5.Nb1c3 a6
6.Bf1c4 e6
7.a3 Bf8e7
8.Bc1g5 Nb8d7
9.Bc4xe6 fxe6
10.Nd4xe6 Qd8b6
11.Ne6xg7 Kf7
12.Ng7f5 Qb6xb2
13.Nc3d5 Be7f8
14.O-O Qb2e5
15.Rf1e1 Nf6xd5
16.Qd1h5 Kg8
17.exd5 Qe5xf5
18.Re1e8 h6
{ resign }
0-1

[Event "Match"]
[Site "www.echecsemail.com"]
[Date "2015.01.11"]
[Round "1"]
[White "Sontuozio"]
[Black "Lautreamont"]
[WhiteElo "2260"]
[BlackElo "2899"]
[Result "0-1"]
[Round "1"]
1.d4 Ng8f6
2.Ng1f3 g6
3.c4 Bf8g7
4.Nb1c3 O-O
5.e4 d6
6.Bf1e2 e5
7.d5 a5
8.a3 Nb8a6
9.Bc1g5 h6
10.Bg5e3 Nf6g4
11.Qd1d2 f5
12.g3 f4
13.gxf4 Ng4xe3
14.fxe3 Na6c5
15.Rh1g1 exf4
16.Be2d1 g5
17.exf4 Rf8xf4
18.Qd2e3 Bg7xc3
19.Qe3xc3 Rf4xe4
20.Kd2 Qd8f8
21.Bd1e2 Qf8f4
22.Kd1 Bc8d7
23.b3 Re4xe2
24.Kxe2 Ra8e8
25.Kd1 Re8e3
26.Qc3xe3 Qf4xe3
27.Nf3d2 Qe3xg1
{ resign }
0-1

[Event "1/32 Finale"]
[Site "www.chess-mail.com"]
[Date "2015.01.11"]
[Round "1"]
[White "Manolinex"]
[Black "Ciappo"]
[WhiteElo "2710"]
[BlackElo "2490"]
[Result "1-0"]
[Round "1"]
1.e4 d6
2.Ng1f3 Ng8f6
3.Nb1c3 c6
4.d4 Bc8g4
5.Bc1e3 e6
6.h3 Bg4h5
7.d5 cxd5
8.exd5 e5
9.g4 Bh5g6
10.Nf3h4 Bf8e7
11.Nh4xg6 hxg6
12.Qd1f3 Nb8d7
13.h4 a6
14.g5 Nf6h5
15.Bf1h3 Nd7f8
16.O-O-O f5
17.Nc3e2 Qd8a5
18.Kb1 O-O-O
19.Be3d2 Qa5c5
20.b4 Qc5b6
21.Qf3c3 Kb8
22.Bd2e3 Qb6b5
23.Bh3f1 Qb5d7
24.Qc3a3 Rd8c8
25.Ka1 f4
26.Be3d2 Qd7c7
27.b5 Qc7c5
28.Qa3xc5 Rc8xc5
29.bxa6 bxa6
30.Rd1b1 Rc5b5
31.Bf1h3 { resign }
1-0

[Event "1/16 Finale"]
[Site "www.chess-mail.com"]
[Date "2015.01.11"]
[Round "1"]
[White "Hwj"]
[Black "Szustan"]
[WhiteElo "2730"]
[BlackElo "2600"]
[Result "1-0"]
[Round "1"]
1.d4 d5
2.c4 dxc4
3.Ng1f3 Ng8f6
4.e3 e6
5.Bf1xc4 c5
6.Qd1e2 a6
7.dxc5 Bf8xc5
8.O-O O-O
9.e4 b5
10.Bc4d3 Nb8c6
11.e5 Nc6b4
12.Bd3c2 Nb4xc2
13.Qe2xc2 Nf6d7
14.Nf3g5 g6
15.Ng5e4 Bc5d4
16.Bc1h6 Rf8e8
17.Ne4d6 Bd4xe5
18.Nd6xe8 Qd8xe8
19.a4 bxa4
20.Qc2xa4 Bc8b7
21.Rf1d1 Nd7b6
22.Qa4xe8 Ra8xe8
23.Nb1c3 Nb6d5
24.Nc3e4 Re8b8
25.g3 Be5xb2
26.Ra1b1 Bb2e5
27.Rd1c1 f5
28.Ne4c5 Bb7c8
29.Rb1xb8 Be5xb8
30.Nc5xa6 Bc8xa6
31.Rc1a1 Ba6b7
32.Ra1b1 Bb8xg3
33.fxg3 Bb7c6
34.Rb1a1 Nd5f6
35.Ra1a6 Bc6d5
36.Ra6a7 Nf6g4
37.Bh6g7 e5
38.h3 Bd5f7
39.hxg4 Kxg7
40.g5 Kg8
41.Ra7e7 e4
42.Kf2 Kf8
43.Re7c7 Bf7b3
44.Ke2 Bb3f7
45.Ke3 { resign }
1-0

[Event "Eq:Cats in the rain-Los Tercios : "]
[Site "www.chess-mail.com"]
[Date "2015.01.11"]
[Round "1"]
[White "Amaya"]
[Black "Churrasca"]
[WhiteElo "1890"]
[BlackElo "2149"]
[Result "1-0"]
[Round "1"]
1.d4 Ng8f6
2.e3 g6
3.Bf1d3 Bf8g7
4.Nb1d2 d5
5.f4 O-O
6.Ng1f3 c5
7.c3 Nb8c6
8.O-O Qd8d6
9.Nf3e5 Qd6c7
10.a3 Bc8e6
11.Qd1f3 Ra8e8
12.g4 Nc6xe5
13.fxe5 Nf6xg4
14.Qf3g3 Ng4h6
15.e4 cxd4
16.cxd4 dxe4
17.Nd2xe4 Nh6f5
18.Qg3f3 { resign }
1-0

[Event "Eq:Equipo Juan Diaz-Team USA : "]
[Site "www.chess-mail.com"]
[Date "2015.01.11"]
[Round "1"]
[White "Gatrooper"]
[Black "Kukulcan"]
[WhiteElo "1340"]
[BlackElo "1780"]
[Result "0-1"]
[Round "1"]
1.e4 c5
2.c4 d6
3.h3 Ng8f6
4.d3 e6
5.Bc1g5 Bf8e7
6.Bg5xf6 Be7xf6
7.Nb1d2 Nb8c6
8.a3 Bf6xb2
9.Ra1b1 Bb2xa3
10.Ng1f3 O-O
11.Rb1a1 Ba3b2
12.Ra1b1 Bb2f6
13.Bf1e2 Nc6d4
14.Nf3xd4 Bf6xd4
15.Nd2f3 Bd4f6
16.Nf3h2 Bf6c3
17.Kf1 b6
18.Rb1c1 Bc3d4
19.Nh2f3 Bd4f6
20.h4 Bc8b7
21.g3 Qd8c7
22.h5 d5
23.cxd5 exd5
24.d4 dxe4
25.Nf3g1 Rf8d8
26.h6 g6
27.Be2c4 Rd8xd4
28.Qd1b3 a5
29.Ng1h3 a4
30.Qb3c3 Rd4d1
31.Rc1xd1 Bf6xc3
32.Rd1c1 Bc3d4
33.Nh3g5 Ra8f8
34.Rh1h4 Bd4f6
35.f4 Bf6xg5
36.fxg5 Qc7xg3
37.Rh4h1 e3
38.Rc1c2 Bb7xh1
39.Ke2 Bh1e4
40.Rc2c3 Qg3f2
41.Kd1 Qf2d2
{ resign }
0-1

[Event "Tourn. n7974"]
[Site "www.chess-mail.com"]
[Date "2015.01.12"]
[Round "1"]
[White "Hali"]
[Black "Cardiff"]
[WhiteElo "2150"]
[BlackElo "2070"]
[Result "1-0"]
[Round "1"]
1.e4 c6
2.d4 d5
3.exd5 cxd5
4.c4 Ng8f6
5.Nb1c3 e6
6.c5 Nb8c6
7.Bf1b5 Bc8d7
8.Ng1f3 a6
9.Bb5xc6 Bd7xc6
10.b4 Bf8e7
11.O-O O-O
12.Nf3e5 Ra8c8
13.a4 Rf8e8
14.b5 axb5
15.axb5 Bc6d7
16.Ra1a7 Rc8b8
17.c6 bxc6
18.bxc6 { resign }
1-0

[Event "Tourn. n7977"]
[Site "www.chess-mail.com"]
[Date "2015.01.12"]
[Round "1"]
[White "Cardiff"]
[Black "Luban"]
[WhiteElo "2110"]
[BlackElo "2110"]
[Result "1/2-1/2"]
[Round "1"]
1.d4 d5
2.c4 e6
3.Nb1c3 h6
4.cxd5 exd5
5.Ng1f3 Ng8f6
6.g3 c6
7.Bf1g2 Bf8d6
8.O-O Bc8e6
9.a3 Nb8d7
10.b4 b6
11.Bc1b2 O-O
12.Qd1d3 c5
13.dxc5 bxc5
14.Nc3b5 c4
15.Qd3d2 Bd6e7
16.Nb5d4 Nd7b6
17.Nd4xe6 fxe6
18.Nf3e5 Ra8c8
19.Ne5g6 Rf8f7
20.Ng6xe7 Rf7xe7
21.Bb2xf6 gxf6
22.e3 e5
23.a4 Re7d7
24.a5 c3
25.Qd2c2 Nb6c4
26.Rf1d1 Rc8c7
27.Qc2xc3 Nc4xa5
28.Qc3a3 { draw }
1/2-1/2

[Event "Tourn. n7977"]
[Site "www.chess-mail.com"]
[Date "2015.01.12"]
[Round "1"]
[White "Luban"]
[Black "Attatroll"]
[WhiteElo "2110"]
[BlackElo "2080"]
[Result "0-1"]
[Round "1"]
1.d4 Ng8f6
2.c4 e6
3.e3 Bf8b4
4.Bc1d2 a5
5.Nb1c3 O-O
6.Ng1f3 d5
7.Bf1d3 dxc4
8.Bd3xc4 Bc8d7
9.O-O Nb8c6
10.a3 Bb4e7
11.e4 Nf6e8
12.d5 Nc6b8
13.dxe6 Bd7xe6
14.Bc4xe6 fxe6
15.Qd1b3 Qd8c8
16.Nf3d4 Kh8
17.Nd4xe6 Rf8f6
18.Ne6g5 h6
19.Ng5f7 Kh7
20.e5 Rf6f5
21.Ra1c1 Nb8c6
22.f4 Nc6d8
23.g4 Rf5xf7
24.f5 Rf7f8
25.Qb3c2 Kh8
26.Nc3d5 Qc8d7
27.Nd5f4 Qd7d4
28.Kh1 Kg8
29.Bd2c3 Qd4c5
30.Nf4g6 Rf8f7
31.e6 Nd8xe6
32.fxe6 Qc5d5
33.Qc2g2 Qd5xe6
34.Rf1xf7 Qe6xf7
35.Qg2xb7 Ra8d8
36.Ng6xe7 Qf7xe7
37.Rc1e1 Qe7d7
38.h3 Ne8d6
39.Qb7d5 Kh8
40.Re1e6 Nd6f7
41.Qd5e4 Qd7b5
42.Qe4f3 Kg8
43.Re6g6 Nf7e5
44.Qf3f6 Rd8d1
45.Kg2 Qb5e2
46.Kg3 Rd1g1
47.Kh4 Ne5xg6
48.Qf6xg6 Qe2e7
49.Kh5 Rg1h1
{ resign }
0-1

[Event "Tourn. n7962"]
[Site "www.chess-mail.com"]
[Date "2015.01.12"]
[Round "1"]
[White "Dominiquer"]
[Black "Generalfree"]
[WhiteElo "1890"]
[BlackElo "1810"]
[Result "0-1"]
[Round "1"]
1.e4 c5
2.d4 Ng8f6
3.e5 Nf6d5
4.Bf1c4 cxd4
5.Bc4xd5 Qd8a5
6.c3 Qa5xd5
7.cxd4 Qd5xg2
8.Qd1f3 Qg2xf3
9.Ng1xf3 b5
10.O-O Bc8b7
11.Nb1d2 e6
12.a3 Bb7xf3
13.Nd2xf3 h6
14.Bc1e3 g5
15.Ra1c1 Nb8c6
16.b4 Bf8e7
17.Kh1 g4
18.Nf3d2 h5
19.f3 gxf3
20.Rf1xf3 a5
21.Nd2e4 axb4
22.axb4 Nc6xb4
23.Ne4d6 Be7xd6
24.exd6 Nb4d3
25.Rc1f1 f5
26.h4 Ra8c8
27.d5 Nd3e5
28.Be3d4 Ne5xf3
29.Bd4xh8 Nf3xh4
30.dxe6 dxe6
31.Bh8f6 Nh4g6
32.Rf1g1 Ng6f4
33.Rg1g7 Rc8c1
34.Kh2 Rc1d1
35.Rg7e7 Kd8
36.Re7c7 Ke8
37.Rc7e7 Kf8
38.d7 Nf4g6
39.Re7g7 Ng6h8
40.Rg7h7 Nh8f7
41.Rh7xf7 Kxf7
42.d8Q Rd1xd8
43.Bf6xd8 e5
44.Kg3 Kg6
45.Bd8c7 e4
46.Kf4 b4
47.Bc7e5 b3
48.Be5d4 h4
49.Bd4e5 h3
50.Kg3 e3
51.Kxh3 e2
{ resign }
0-1

[Event "Tourn. n7830"]
[Site "www.chess-mail.com"]
[Date "2015.01.12"]
[Round "1"]
[White "Orhany24"]
[Black "Osopanda"]
[WhiteElo "1880"]
[BlackElo "1900"]
[Result "0-1"]
[Round "1"]
1.d4 d5
2.c4 e6
3.Nb1c3 Ng8f6
4.Ng1f3 Bf8e7
5.Bc1g5 O-O
6.e3 c6
7.Bf1d3 Nb8d7
8.O-O h6
9.Bg5h4 g5
10.Bh4g3 dxc4
11.Bd3xc4 b5
12.Bc4b3 a5
13.a4 b4
14.Nc3e2 c5
15.dxc5 Nd7xc5
16.Bb3c4 Qd8b6
17.b3 Bc8b7
18.Ne2d4 Ra8d8
19.Qd1e2 Nf6e4
20.Nd4b5 Ne4c3
21.Nb5xc3 bxc3
22.Nf3d4 Nc5e4
23.Rf1d1 Be7f6
24.Nd4c2 Bb7d5
25.Ra1b1 Ne4d2
26.Rb1c1 Rd8d7
27.Bc4b5 Rd7d8
28.Nc2d4 Nd2xb3
29.Nd4xb3 Bd5xb3
30.Rd1xd8 Rf8xd8
31.h3 Rd8d2
32.Qe2f3 Bf6g7
33.Qf3a8 Kh7
34.Qa8e4 f5
35.Qe4f3 Bb3d5
36.Qf3h5 f4
37.exf4 gxf4
38.Bg3h4 Qb6d4
39.Bb5e8 Qd4e4
40.f3 Bg7d4
41.Kh2 Rd2xg2
42.Kh1 Qe4xf3
{ resign }
0-1

[Event "Tourn. n7918"]
[Site "www.chess-mail.com"]
[Date "2015.01.12"]
[Round "1"]
[White "Tomcapp"]
[Black "Dspillman"]
[WhiteElo "1450"]
[BlackElo "1660"]
[Result "0-1"]
[Round "1"]
1.e4 e5
2.Ng1f3 Nb8c6
3.Bf1b5 a6
4.Bb5xc6 bxc6
5.c4 Bf8c5
6.Nb1c3 Ng8f6
7.d3 Nf6g4
8.a3 Ng4xf2
9.Qd1d2 Nf2xh1
10.b4 Bc5d4
11.Nf3xd4 exd4
12.Nc3e2 Qd8f6
13.b5 c5
14.Ne2f4 d6
15.bxa6 Bc8d7
16.a7 Bd7a4
17.Nf4d5 Qf6d8
18.Ra1b1 Ra8xa7
19.Bc1b2 Qd8h4
20.g3 Nh1xg3
21.hxg3 Qh4h1
22.Kf2 Qh1xb1
23.Kf3 c6
24.Nd5f4 O-O
25.e5 Qb1f1
26.Qd2f2 Ba4d1
27.Nf4e2 Bd1xe2
{ resign }
0-1

[Event "Tourn. n7959"]
[Site "www.chess-mail.com"]
[Date "2015.01.12"]
[Round "1"]
[White "Louis"]
[Black "Generalfree"]
[WhiteElo "1910"]
[BlackElo "1800"]
[Result "1-0"]
[Round "1"]
1.e3 Nb8c6
2.d4 d5
3.Ng1f3 f6
4.c4 dxc4
5.Bf1xc4 e6
6.O-O Bc8d7
7.Nb1c3 a6
8.e4 b5
9.Bc4b3 g5
10.Nf3xg5 fxg5
11.Qd1h5 Ke7
12.Bc1xg5 Ng8f6
13.e5 h6
14.Bg5xf6 { resign }
1-0

[Event "Tourn. n7896"]
[Site "www.chess-mail.com"]
[Date "2015.01.12"]
[Round "1"]
[White "Xkafi"]
[Black "Norlavuaram"]
[WhiteElo "2070"]
[BlackElo "2160"]
[Result "0-1"]
[Round "1"]
1.e4 e5
2.Bf1c4 Ng8f6
3.Qd1f3 Bf8e7
4.d3 O-O
5.g4 d6
6.h3 Nb8c6
7.c3 Nc6a5
8.g5 Nf6d7
9.h4 Na5xc4
10.dxc4 Nd7b6
11.Nb1d2 f5
12.Qf3h5 Qd8e8
13.Qh5e2 f4
14.Nd2f3 Bc8g4
15.Qe2c2 Nb6xc4
16.Qc2b3 Qe8c6
17.Qb3c2 d5
18.exd5 Qc6xd5
19.Qc2d1 Qd5c6
20.b3 Nc4b6
21.Rh1h3 Bg4xh3
22.Ng1xh3 Ra8d8
23.Qd1e2 Qc6xc3
24.Nf3d2 Qc3xa1
25.Qe2d1 Qa1d4
26.Qd1g4 Be7b4
27.Qg4e2 Bb4xd2
28.Bc1xd2 f3
{ resign }
0-1

[Event "Tourn. n7851"]
[Site "www.chess-mail.com"]
[Date "2015.01.12"]
[Round "1"]
[White "Julian"]
[Black "Cardiff"]
[WhiteElo "2010"]
[BlackElo "2090"]
[Result "1/2-1/2"]
[Round "1"]
1.e4 d6
2.d4 g6
3.Ng1f3 Bf8g7
4.Bf1c4 e6
5.Bc1e3 Ng8e7
6.O-O O-O
7.Nb1c3 b6
8.Rf1e1 Bc8b7
9.Qd1d2 d5
10.exd5 exd5
11.Bc4f1 Nb8d7
12.Bf1d3 Nd7f6
13.h3 a6
14.Re1e2 Nf6e4
15.Qd2e1 Ne7f5
16.Nf3e5 Nf5xe3
17.Re2xe3 Ne4xc3
18.bxc3 Bg7xe5
19.Re3xe5 Qd8d7
20.Qe1e3 Rf8e8
21.Ra1e1 Re8xe5
22.Qe3xe5 Ra8d8
23.Qe5e7 b5
24.Qe7g5 Rd8e8
25.Re1xe8 Qd7xe8
26.h4 Kg7
27.h5 h6
28.Qg5f4 Qe8e7
29.hxg6 fxg6
30.Qf4g3 Qe7d6
31.Qg3h3 Qd6e7
32.Qh3g4 Qe7d6
33.f4 h5
34.Qg4g5 Qd6f6
35.Qg5g3 Bb7c8
36.Qg3f3 Bc8e6
37.g3 c6
38.Kg2 Be6g4
39.Qf3e3 Qf6e6
40.Qe3c1 Bg4f5
41.Kf2 Bf5xd3
42.cxd3 Qe6h3
43.Qc1g1 Qh3e6
44.Qg1g2 Qe6g4
45.c4 bxc4
46.dxc4 h4
47.cxd5 cxd5
48.Qg2f3 hxg3
49.Qf3xg3 Qg4d1
50.Qg3c3 Qd1a4
51.Qc3c7 Kh6
52.Qc7e5 Qa4xa2
53.Kg3 Qa2b3
54.Kg4 Qb3d1
55.Kg3 Qd1g1
56.Kh3 { draw }
1/2-1/2

[Event "Tourn. n7993"]
[Site "www.chess-mail.com"]
[Date "2015.01.12"]
[Round "1"]
[White "Syd"]
[Black "Cardiff"]
[WhiteElo "2240"]
[BlackElo "2050"]
[Result "1/2-1/2"]
[Round "1"]
1.e4 e5
2.Ng1f3 Ng8f6
3.Nb1c3 Nb8c6
4.d4 exd4
5.Nf3xd4 Bf8b4
6.Nd4xc6 bxc6
7.Bf1d3 d5
8.Bc1d2 O-O
9.O-O Bb4xc3
10.Bd2xc3 Nf6xe4
11.Bc3d4 Qd8d6
12.Qd1h5 Qd6g6
13.Qh5xg6 hxg6
14.Rf1e1 Rf8e8
15.f3 Ne4d6
{ draw }
1/2-1/2

[Event "Tourn. n7852"]
[Site "www.chess-mail.com"]
[Date "2015.01.12"]
[Round "1"]
[White "Ffdd65"]
[Black "Osopanda"]
[WhiteElo "2090"]
[BlackElo "1940"]
[Result "1-0"]
[Round "1"]
1.e4 c5
2.c3 Nb8c6
3.Bf1b5 d5
4.Qd1a4 Bc8d7
5.exd5 Nc6e5
6.Ng1e2 Ne5d3
7.Kf1 Nd3xc1
8.Ne2xc1 Bd7xb5
9.Qa4xb5 Qd8d7
10.Qb5xd7 Kxd7
11.g3 Ng8f6
12.c4 e6
13.dxe6 fxe6
14.Kg2 Bf8d6
15.a4 Ra8d8
16.Nb1a3 a6
17.Rh1e1 Rh8e8
18.Nc1b3 Kc6
19.Re1e2 Nf6d7
20.d4 Nd7b6
21.dxc5 Bd6xc5
22.Nb3xc5 Kxc5
23.b4 Kc6
24.a5 Nb6a8
25.Ra1e1 Na8c7
26.Re2e5 b6
27.axb6 Kxb6
28.c5 Kc6
29.Na3c4 Nc7b5
30.Nc4a5 Kc7
31.Re5xe6 Re8xe6
32.Re1xe6 Rd8d4
33.Re6xa6 Rd4xb4
34.Ra6b6 g5
35.Na5c6 Rb4b1
36.Nc6d4 Nb5c3
37.Nd4e6 Kd7
38.Ne6f8 Kc7
39.Rb6xb1 Nc3xb1
40.Nf8xh7 g4
41.Nh7f6 Kc6
42.Nf6xg4 Kxc5
43.Ng4e5 Kd5
44.f4 Ke6
45.h4 Kf5
46.Kf3 Nb1d2
47.Ke3 Nd2f1
48.Kf2 Nf1d2
49.Kg2 Nd2e4
50.h5 Ne4f6
51.h6 Ke4
52.Ne5g6 Kf5
53.Ng6f8 Kg4
54.h7 Nf6xh7
55.Nf8xh7 { resign }
1-0

[Event "Tourn. n7907"]
[Site "www.chess-mail.com"]
[Date "2015.01.12"]
[Round "1"]
[White "Awfen"]
[Black "Cardiff"]
[WhiteElo "2010"]
[BlackElo "2080"]
[Result "0-1"]
[Round "1"]
1.e4 e6
2.Ng1f3 d5
3.e5 c5
4.c3 Nb8c6
5.d3 Bc8d7
6.Bf1e2 Qd8c7
7.d4 cxd4
8.cxd4 Bf8b4
9.Bc1d2 Ng8e7
10.Nb1c3 a6
11.O-O Ne7f5
12.Nc3xd5 exd5
13.Ra1c1 Bb4xd2
14.Qd1xd2 O-O
15.Qd2f4 Qc7d8
16.Be2d3 Nc6e7
17.Rf1e1 Ne7g6
18.Qf4d2 Ng6h4
19.Nf3xh4 Qd8xh4
20.Rc1c7 Bd7e6
21.Bd3xf5 Be6xf5
22.Rc7xb7 Ra8c8
23.Re1e3 Rc8c2
24.Qd2e1 Rf8c8
25.Re3c3 Rc2xc3
26.bxc3 h6
27.Rb7b6 a5
28.Rb6a6 Rc8b8
29.Ra6xa5 Rb8b1
{ resign }
0-1

[Event "Tourn. n7969"]
[Site "www.chess-mail.com"]
[Date "2015.01.12"]
[Round "1"]
[White "Luban"]
[Black "Vite"]
[WhiteElo "2180"]
[BlackElo "2000"]
[Result "1-0"]
[Round "1"]
1.d4 d5
2.Ng1f3 Bc8g4
3.e3 Ng8f6
4.c4 c6
5.Nb1c3 e6
6.a3 Nb8d7
7.Bf1d3 Bf8e7
8.h3 Bg4xf3
9.Qd1xf3 O-O
10.O-O Qd8c7
11.e4 dxc4
12.Bd3xc4 Rf8d8
13.Bc1e3 Ra8c8
14.Bc4a2 Nd7b6
15.Ra1d1 h6
16.b4 a6
17.d5 cxd5
18.Be3xb6 Qc7xb6
19.exd5 exd5
20.Nc3xd5 Qb6d6
21.Rf1e1 Nf6xd5
22.Rd1xd5 Qd6f6
23.Rd5f5 Qf6b2
24.Rf5xf7 Rc8c3
25.Rf7f8 Kh7
26.Qf3f5 g6
27.Qf5f7 { resign }
1-0